000 00669nas a2200241 4500
001 BR9203410
003 BR-BrBNA
005 20231205092636.0
007 ta
008 230509b bl.|||p| |||| 00| 00por d
040 _aBR-BrBNA
_bpor
_cBiblioteca Nacional de Agricultura
041 _a(Pt)
072 _aF03
100 1 _aRosso, A.J.
245 1 _aProducao de semente de azevem
650 _aSEMENTE
650 _aAZEVEM
650 _aPODER GERMINATIVO
650 _aARMAZENAMENTO
773 0 _tLavoura Arrozeira (Brazil)
_xISSN 0023-9143
_g(May-Apr 1987), v. 40(371) p. 16-17
_wBR9203410
909 _a202311
_bLúcia
_c55
_dLúcia Elande
942 _2AGRIS
_n0
_cANA
999 _c133090
_d133090